[Event "ch-RUS Rapid 2017"]
[Site "Sochi RUS"]
[Date "2017.09.30"]
[Round "4.13"]
[White "Hasangatin, Ramil"]
[Black "Bocharov, Dmitry"]
[Result "0-1"]
[WhiteTitle "GM"]
[BlackTitle "GM"]
[WhiteElo "2496"]
[BlackElo "2585"]
[WhiteFideId "4122160"]
[BlackFideId "4138716"]
[EventDate "2017.09.30"]

1. e4 c5 2. Nf3 e6 3. g3 Nc6 4. Bg2 Nf6 5. d3 d5 6. Qe2 Be7 7. O-O O-O 8. e5 Nd7
9. c4 d4 10. Re1 b6 11. Nbd2 Bb7 12. Nf1 a6 13. h4 b5 14. b3 Rb8 15. N1h2 bxc4
16. bxc4 Re8 17. Ng4 Ba8 18. Bf4 Qa5 19. Ng5 Qa3 20. Be4 Bxg5 21. hxg5 Ne7 22.
Bxa8 Rxa8 23. Rab1 Qa4 24. Rb7 Nf5 25. Reb1 Nf8 26. Qd1 Qc6 27. R1b6 Qc8 28. Qf3
Nd7 29. Rb3 Nf8 30. Bd2 Ng6 31. Ba5 Re7 32. R7b6 Re8 33. Rc6 Qd7 34. Rxc5 Qe7
35. Rc7 Qxg5 36. Rbb7 Rf8 37. Bb4 h5 38. Nh2 Rfe8 39. Qe4 h4 40. g4 Nh6 41. Nf3
Qc1+ 42. Be1 Rac8 43. Rxf7 Nxf7 44. Qxg6 Qf4 45. Nxh4 Rf8 46. Bb4 Qxe5 47. Bxf8
Rxf8 48. Nf3 Qf4 49. Nh4 Qe5 50. Ng2 Ng5 51. f4 Nh3+ 52. Kh1 Nxf4 53. Nxf4 Rxf4
54. Qe8+ Rf8 55. Rxg7+ Kxg7 0-1

[Event "ch-RUS Rapid 2017"]
[Site "Sochi RUS"]
[Date "2017.09.30"]
[Round "4.14"]
[White "Rakhmanov, Aleksandr"]
[Black "Korchmar, Vasiliy"]
[Result "1/2-1/2"]
[WhiteTitle "GM"]
[BlackTitle "IM"]
[WhiteElo "2669"]
[BlackElo "2399"]
[WhiteFideId "4173708"]
[BlackFideId "24131750"]
[EventDate "2017.09.30"]

1. c4 e5 2. Nf3 e4 3. Nd4 Nc6 4. Nxc6 dxc6 5. Nc3 Nf6 6. e3 Bf5 7. Qb3 Rb8 8.
Qc2 Bd6 9. h3 h5 10. b3 h4 11. Bb2 Qe7 12. O-O-O Ba3 13. Be2 a6 14. Bxa3 Qxa3+
15. Qb2 Qe7 16. Rhf1 b5 17. f3 exf3 18. Rxf3 Bg6 19. Rf4 Nd7 20. Rdf1 O-O 21.
Nd1 a5 22. Nf2 a4 23. Bd3 axb3 24. axb3 bxc4 25. Bxc4 Ne5 26. Ng4 Nxc4 27. Rxc4
Bd3 28. Nf6+ gxf6 29. Rg4+ Bg6 30. Rxf6 Rb5 31. Rxh4 Re5 32. Rff4 Rb8 33. Rc4
Qf6 34. Rhf4 Qe6 35. Rh4 Qf6 36. Rhf4 Qe6 37. Rh4 Qd5 38. Rhg4 Qd3 39. Rxg6+
fxg6 40. Qxe5 Qxb3 41. Qe6+ Kg7 42. Qe7+ Kg8 43. Qe6+ Kg7 44. Qe7+ Kg8 1/2-1/2

[Event "ch-RUS Rapid 2017"]
[Site "Sochi RUS"]
[Date "2017.09.30"]
[Round "4.15"]
[White "Fedoseev, Vladimir3"]
[Black "Domogaev, Sergey"]
[Result "1-0"]
[WhiteTitle "GM"]
[BlackTitle "GM"]
[WhiteElo "2731"]
[BlackElo "2408"]
[WhiteFideId "24130737"]
[BlackFideId "24103608"]
[EventDate "2017.09.30"]

1. e4 e5 2. Nf3 Nc6 3. Nc3 Nf6 4. Bb5 Bb4 5. O-O O-O 6. d3 Bxc3 7. bxc3 d6 8.
Bg5 Bd7 9. Nd2 Ne7 10. Bxf6 Bxb5 11. Qg4 1-0

[Event "ch-RUS Rapid 2017"]
[Site "Sochi RUS"]
[Date "2017.09.30"]
[Round "4.16"]
[White "Artemiev, Vladislav"]
[Black "Derjabin, Ilja"]
[Result "0-1"]
[WhiteTitle "GM"]
[BlackTitle "IM"]
[WhiteElo "2692"]
[BlackElo "2360"]
[WhiteFideId "24101605"]
[BlackFideId "14104768"]
[EventDate "2017.09.30"]

1. e4 e6 2. d4 d5 3. exd5 exd5 4. Nf3 Bd6 5. c4 Nf6 6. Nc3 O-O 7. cxd5 Nbd7 8.
Bd3 Re8+ 9. Be3 Nb6 10. O-O h6 11. Bc2 Nbxd5 12. Nxd5 Nxd5 13. Qd3 Nf6 14. d5
Bg4 15. Nd4 Re5 16. f4 Rxe3 17. Qxe3 Bc5 18. Bb3 Qd6 19. Rac1 Re8 20. Qd2 Re4
21. Kh1 Rxd4 22. Qc3 b6 23. f5 Be2 24. Rfe1 Rh4 25. g3 Ne4 26. Rxe2 Nxg3+ 27.
Qxg3 Qxg3 28. Rf1 Qh3 29. Rfe1 Qf3+ 30. Rg2 Rg4 0-1

[Event "ch-RUS Rapid 2017"]
[Site "Sochi RUS"]
[Date "2017.09.30"]
[Round "4.17"]
[White "Kozak, Alexander"]
[Black "Popov, Ivan RUS"]
[Result "0-1"]
[WhiteTitle "FM"]
[BlackTitle "GM"]
[WhiteElo "2315"]
[BlackElo "2599"]
[WhiteFideId "4135881"]
[BlackFideId "4170350"]
[EventDate "2017.09.30"]

1. e4 c5 2. c3 Nf6 3. e5 Nd5 4. d4 cxd4 5. Nf3 Nc6 6. Bc4 Nb6 7. Bb3 d5 8. exd6
Qxd6 9. O-O e6 10. Qe2 d3 11. Qe3 Na5 12. Rd1 Nxb3 13. axb3 Bd7 14. Rxd3 Qc7 15.
Ne5 Bd6 16. Nxd7 Nxd7 17. Rxa7 O-O 18. Rxa8 Rxa8 19. Na3 Bxa3 20. bxa3 Nc5 21.
Rd4 Nxb3 22. Rb4 Rd8 23. g3 Qc6 24. Qe1 Qf3 0-1

[Event "ch-RUS Rapid 2017"]
[Site "Sochi RUS"]
[Date "2017.09.30"]
[Round "4.18"]
[White "Murzin, Volodar"]
[Black "Pridorozhni, Aleksei"]
[Result "0-1"]
[WhiteTitle "FM"]
[BlackTitle "GM"]
[WhiteElo "2280"]
[BlackElo "2565"]
[WhiteFideId "44155573"]
[BlackFideId "4127870"]
[EventDate "2017.09.30"]

1. Nf3 e6 2. g3 b5 3. Bg2 Bb7 4. O-O c5 5. d3 Be7 6. Nbd2 Nf6 7. c4 a6 8. Nb3
O-O 9. Bd2 Nc6 10. Rc1 d6 11. Qe1 Qd7 12. Bg5 h6 13. Bxf6 Bxf6 14. Qd2 Rfd8 15.
Rfd1 bxc4 16. Rxc4 a5 17. Qc1 a4 18. Nbd2 Rdb8 19. Rf4 Be7 20. Nc4 Ra6 21. Ne3
d5 22. b3 axb3 23. axb3 Rb6 24. Qb2 Ba8 25. Rg4 f6 26. Ra4 Rxb3 27. Qa2 Rb2 28.
Qa1 Qb7 29. Bh3 Kf7 30. Bg2 Rb1 31. Rxb1 Qxb1+ 32. Qxb1 Rxb1+ 33. Nf1 Bb7 34.
Nd2 Rb2 35. e4 Nb4 36. Ra7 Bc6 37. exd5 exd5 38. Rc7 Ke8 39. Bh3 g6 40. Be6 Bd6
41. Rxc6 Nxc6 42. Bxd5 Na5 43. Ne4 Be7 44. Ned2 f5 45. Nf3 Bf6 46. Ne3 Nb3 47.
Nc4 Rb1+ 48. Kg2 Nd4 49. Nfe5 Bxe5 50. Nxe5 g5 51. h3 Ke7 52. Nf7 Rb6 53. Ne5
Rd6 54. Bc4 Nc6 55. Nxc6+ Rxc6 56. Kf3 Rb6 57. Bd5 Kd6 58. Bc4 Ke5 59. Ke3 Rb1
60. f4+ Kf6 61. Kf3 Rb2 62. Bd5 Rh2 63. Bc6 gxf4 64. Kxf4 Rxh3 65. Bd7 Rh1 66.
Bc8 Rf1+ 67. Ke3 Ke5 68. Bd7 f4+ 69. gxf4+ Rxf4 70. Bc8 h5 71. Bd7 h4 72. Bc8
Rf8 73. Bh3 Rg8 74. Bf1 Rg3+ 0-1

[Event "ch-RUS Rapid 2017"]
[Site "Sochi RUS"]
[Date "2017.09.30"]
[Round "4.19"]
[White "Slavin, Alexey"]
[Black "Rublevsky, Sergei"]
[Result "0-1"]
[WhiteTitle "IM"]
[BlackTitle "GM"]
[WhiteElo "2364"]
[BlackElo "2683"]
[WhiteFideId "24104388"]
[BlackFideId "4115309"]
[EventDate "2017.09.30"]

1. d4 d5 2. Nf3 Nf6 3. c4 dxc4 4. e3 e6 5. Bxc4 a6 6. O-O b5 7. Bd3 Bb7 8. a4 b4
9. Qe2 c5 10. dxc5 Nbd7 11. Rd1 Qc7 12. b3 Nxc5 13. Bc4 Be7 14. Bb2 O-O 15. Nbd2
Nd5 16. Be5 Qa5 17. Rac1 Nc3 18. Bxc3 bxc3 19. Nb1 Bxf3 20. gxf3 Rab8 21. Qc2
Bf6 22. Nxc3 Rfc8 23. Ne4 Nxb3 24. Nxf6+ gxf6 25. Rb1 Rb4 26. Rxb3 Rbxc4 27. Qb2
Qf5 28. e4 Qf4 29. Kh1 Rc1 30. Rg1+ Rxg1+ 31. Kxg1 Rc1+ 32. Kg2 Qg5+ 33. Kh3 Rg1
34. Rb8+ Kg7 0-1

[Event "ch-RUS Rapid 2017"]
[Site "Sochi RUS"]
[Date "2017.09.30"]
[Round "4.20"]
[White "Linker, Mikhail"]
[Black "Kobalia, Mikhail"]
[Result "0-1"]
[BlackTitle "GM"]
[WhiteElo "2269"]
[BlackElo "2596"]
[WhiteFideId "14101734"]
[BlackFideId "4119150"]
[EventDate "2017.09.30"]

1. d4 f5 2. Nf3 Nf6 3. b3 g6 4. g3 Bg7 5. Bg2 O-O 6. O-O d6 7. Bb2 Ne4 8. Nfd2
Nf6 9. c4 Nc6 10. d5 Ne5 11. e3 g5 12. f4 Neg4 13. Qe2 Nxe3 14. fxg5 Nfg4 15.
Bxg7 Kxg7 16. Rf3 Nc2 17. Qd3 Nxa1 18. Qc3+ Kg8 19. Qxa1 Qe8 20. Nc3 Qg6 21. h4
Qg7 22. Qe1 Qd4+ 23. Kh1 Ne5 24. Nb5 Nxf3 25. Bxf3 Qe5 26. Qxe5 dxe5 27. Nxc7
Rb8 28. c5 Bd7 29. Nc4 e4 30. Ne5 Rbc8 31. Nxd7 Rxc7 32. Nxf8 Kxf8 0-1

[Event "ch-RUS Rapid 2017"]
[Site "Sochi RUS"]
[Date "2017.09.30"]
[Round "4.21"]
[White "Iljiushenok, Ilia"]
[Black "Novikov, Konstantin"]
[Result "1-0"]
[WhiteTitle "IM"]
[WhiteElo "2519"]
[BlackElo "2227"]
[WhiteFideId "24105074"]
[BlackFideId "24163554"]
[EventDate "2017.09.30"]

1. e4 d6 2. d4 Nf6 3. Nc3 e5 4. dxe5 dxe5 5. Qxd8+ Kxd8 6. Bg5 c6 7. O-O-O+ Nd7
8. Nf3 Ke8 9. Bh4 Bc5 10. Bc4 b5 11. Bb3 Bb6 12. Bg3 Bc7 13. a3 a5 14. Rhe1 h6
15. h3 Ke7 16. Kb1 Re8 17. Ba2 Kf8 18. Nd2 Bb6 19. f3 Nc5 20. Bf2 Be6 21. Bxe6
fxe6 22. Nb3 Nxb3 23. Bxb6 Nd4 24. f4 Nd7 25. Bxd4 exd4 26. Rxd4 Nc5 27. Rd6 Ra6
28. e5 b4 29. Ne4 Nxe4 30. Rxe4 bxa3 31. bxa3 Rb8+ 32. Kc1 Rab6 33. Kd2 Rb1 34.
Re1 R1b2 35. Rxe6 c5 36. Rc6 Ra2 37. Re3 Rb1 38. e6 1-0

[Event "ch-RUS Rapid 2017"]
[Site "Sochi RUS"]
[Date "2017.09.30"]
[Round "4.22"]
[White "Tsoi, Dmitry"]
[Black "Yuffa, Daniil"]
[Result "1-0"]
[WhiteTitle "FM"]
[BlackTitle "GM"]
[WhiteElo "2361"]
[BlackElo "2527"]
[WhiteFideId "24194697"]
[BlackFideId "24131423"]
[EventDate "2017.09.30"]

1. e4 c6 2. d4 d5 3. Nc3 dxe4 4. Nxe4 Bf5 5. Ng3 Bg6 6. h4 h6 7. Nf3 Nd7 8. h5
Bh7 9. Bd3 Bxd3 10. Qxd3 e6 11. Bd2 Ngf6 12. O-O-O Bd6 13. Ne4 Nxe4 14. Qxe4 Nf6
15. Qe2 Bc7 16. Rde1 Qd5 17. c4 Qf5 18. Ne5 Bxe5 19. dxe5 Nd7 20. g4 Qh7 21. Qe3
b6 22. Qf3 O-O 23. g5 Nc5 24. Re3 Rad8 25. gxh6 Nd3+ 26. Rxd3 Rxd3 27. Qg4 Rfd8
28. Be3 Rxe3 29. fxe3 Qxh6 30. Rh3 b5 31. b3 bxc4 32. bxc4 Rd3 33. Qe4 Qh7 34.
Qxh7+ Kxh7 35. Kb2 Kh6 36. Rf3 Rd7 37. Rg3 Rd2+ 38. Kb3 Rf2 39. Kb4 Rxa2 40. Kc5
a5 41. Kxc6 a4 42. Kd6 a3 43. e4 Rd2+ 44. Ke7 a2 45. Ra3 Kxh5 46. c5 g5 47. c6
Rc2 48. Kxf7 g4 49. Kxe6 g3 50. c7 g2 51. Rxa2 Rc6+ 52. Kd5 g1=Q 53. Kxc6 Qc1+
54. Kd6 Qd1+ 55. Ke7 Qc1 56. Kd8 Qd1+ 57. Kc8 Qb3 58. Ra6 Kg5 59. Rd6 Qb5 60.
Kd8 Qa5 61. e6 Kf4 62. e7 Qe5 63. Kd7 Qb5+ 64. Rc6 Qd3+ 65. Ke8 Qh3 66. c8=Q
Qh8+ 67. Kd7 Qd4+ 68. Rd6 Qa4+ 69. Qc6 1-0

[Event "ch-RUS Rapid 2017"]
[Site "Sochi RUS"]
[Date "2017.09.30"]
[Round "4.23"]
[White "Chos, Alexey"]
[Black "Moiseenko, Vadim"]
[Result "0-1"]
[WhiteTitle "IM"]
[BlackTitle "IM"]
[WhiteElo "2317"]
[BlackElo "2558"]
[WhiteFideId "14117762"]
[BlackFideId "4123700"]
[EventDate "2017.09.30"]

1. e4 e5 2. Nf3 Nc6 3. Bb5 a6 4. Ba4 Nf6 5. O-O b5 6. Bb3 Be7 7. Re1 d6 8. c3
O-O 9. h3 Bb7 10. d3 Nd7 11. Nbd2 Nc5 12. Bc2 Ne6 13. Nf1 Re8 14. Ne3 Bf8 15. a4
Ne7 16. d4 Ng6 17. dxe5 dxe5 18. Qxd8 Rexd8 19. axb5 axb5 20. Rxa8 Rxa8 21. Nd5
c6 22. Ne3 Nc5 23. g3 Bc8 24. h4 f6 25. Nf5 Be6 26. Nd2 Ne7 27. f4 exf4 28. gxf4
Nxf5 29. exf5 Bd5 30. Kf2 Ra2 31. Bb1 Ra1 32. Bc2 Kf7 33. Ke3 Nb7 34. Nb3 Ra2
35. Nd4 Bc5 36. Bb1 Ra1 37. Bd3 Nd6 38. Kd2 Bxd4 39. cxd4 Ra4 40. Ke3 Nc4+ 41.
Bxc4 Rxc4 42. Bd2 Rc2 43. b4 Ra2 44. Rc1 Ra8 45. Bc3 Re8+ 46. Kd2 Re4 47. Rf1
Bc4 48. Rf2 Re8 49. Rh2 Rd8 50. Rh1 Rd5 51. Ra1 Rxf5 52. Ke3 Rh5 53. Be1 Rd5 54.
Ra7+ Kg6 55. Rc7 Rd6 56. Re7 Kf5 57. Bc3 h5 58. Rxg7 Re6+ 59. Kf3 Be2+ 60. Kf2
Bg4 61. d5 cxd5 62. Rd7 Re2+ 63. Kf1 Ke4 64. Re7+ Kd3 65. Bxf6 Rc2 66. Re5 d4
67. Rxb5 Ke4 68. Rc5 Ra2 69. Re5+ Kf3 70. Ke1 d3 71. Rd5 Ke4 72. Re5+ Kf3 73.
Rd5 Re2+ 74. Kd1 Re6 75. Rxd3+ Kxf4+ 76. Kd2 Rxf6 77. b5 Rb6 78. Rb3 Bd7 79.
Rb4+ Kf5 80. Ke3 Rxb5 81. Rf4+ Kg6 82. Rd4 Be6 83. Kf4 Kf6 84. Ra4 Rf5+ 85. Kg3
Rc5 86. Ra3 Rc4 87. Ra5 Rg4+ 88. Kf2 Rxh4 89. Kg3 Rg4+ 90. Kh2 Rg5 91. Ra4 Rb5
92. Kg3 Kg5 93. Ra8 Rb3+ 94. Kh2 Rb2+ 95. Kg1 Bg4 96. Ra3 h4 97. Ra5+ Kf4 98.
Ra3 h3 99. Rc3 Bf3 0-1

[Event "ch-RUS Rapid 2017"]
[Site "Sochi RUS"]
[Date "2017.09.30"]
[Round "4.24"]
[White "Pavlov, Oleg"]
[Black "Potapov, Pavel"]
[Result "0-1"]
[WhiteTitle "FM"]
[BlackTitle "GM"]
[WhiteElo "2241"]
[BlackElo "2479"]
[WhiteFideId "4149297"]
[BlackFideId "4169786"]
[EventDate "2017.09.30"]

1. d4 f5 2. g3 Nf6 3. Bg2 g6 4. Nf3 Bg7 5. O-O O-O 6. b3 d6 7. Bb2 Ne4 8. Nbd2
Nc6 9. c4 Nxd2 10. Qxd2 e5 11. dxe5 dxe5 12. Qd5+ Kh8 13. Qxd8 Rxd8 14. Ng5 Rd2
15. Bc3 Rc2 16. Rac1 Rxc1 17. Rxc1 e4 18. f3 h6 19. Nh3 Nd4 20. Kf1 g5 21. Rd1
c5 22. fxe4 fxe4 23. e3 Bg4 24. Rd2 Nf5 25. Bxg7+ Kxg7 26. Rd7+ Kf6 27. Rxb7
Nxe3+ 28. Kg1 Nxg2 29. Kxg2 Rd8 30. Nf2 Bf3+ 31. Kf1 e3 0-1

[Event "ch-RUS Rapid 2017"]
[Site "Sochi RUS"]
[Date "2017.09.30"]
[Round "4.25"]
[White "Alexeev, Alexey"]
[Black "Dzhumagaliev, Yan"]
[Result "1-0"]
[WhiteTitle "IM"]
[BlackTitle "FM"]
[WhiteElo "2299"]
[BlackElo "2400"]
[WhiteFideId "14106663"]
[BlackFideId "24100110"]
[EventDate "2017.09.30"]

1. e4 c5 2. a3 b6 3. b4 Bb7 4. Nc3 e6 5. bxc5 Bxc5 6. d4 Be7 7. Nf3 d6 8. Bd3
Nd7 9. O-O Ngf6 10. a4 O-O 11. Bd2 e5 12. d5 Nc5 13. Qb1 Nfd7 14. a5 bxa5 15.
Nb5 a4 16. c4 f5 17. exf5 Nxd3 18. Qxd3 Nc5 19. Qe3 Rxf5 20. Bb4 a6 21. Nc3 Rc8
22. Bxc5 Rxc5 23. Rxa4 Qc7 24. Rb1 Bc8 25. Ne4 Ra5 26. Rxa5 Qxa5 27. c5 dxc5 28.
d6 Bf8 29. Qb3+ Kh8 30. Qd5 Bd7 31. Nxe5 g6 32. g4 Bc6 33. Qxc6 Rxe5 34. Rb8
Qe1+ 35. Kg2 Rxe4 36. Rxf8+ Kg7 37. Qc8 Rxg4+ 38. Qxg4 Kxf8 39. Qc8+ Kf7 40.
Qc7+ Kf6 41. d7 Qe4+ 42. Kg3 Qd3+ 43. f3 1-0

[Event "ch-RUS Rapid 2017"]
[Site "Sochi RUS"]
[Date "2017.09.30"]
[Round "4.26"]
[White "Lugovskoy, Maxim"]
[Black "Gubsky, Egor"]
[Result "1-0"]
[WhiteTitle "GM"]
[BlackTitle "FM"]
[WhiteElo "2474"]
[BlackElo "2303"]
[WhiteFideId "24126454"]
[BlackFideId "4194055"]
[EventDate "2017.09.30"]

1. d4 Nf6 2. Nc3 d5 3. Bf4 a6 4. Nf3 e6 5. e3 Bd6 6. Bxd6 Qxd6 7. Ne5 c5 8. Be2
Nc6 9. f4 O-O 10. O-O cxd4 11. exd4 Qb4 12. Nxc6 bxc6 13. Rb1 c5 14. dxc5 Qxc5+
15. Kh1 Bd7 16. Bd3 Bb5 17. Nxb5 axb5 18. a3 b4 19. axb4 Qxb4 20. c3 Qb6 21. Rf3
Ra2 22. Qe2 Rb8 23. Rf2 g6 24. g4 Nxg4 25. Rg2 Ne3 26. Rf2 d4 27. c4 Qc6+ 28.
Kg1 Rb4 29. h3 Kg7 30. Kh2 Qc7 31. Qd2 Qb8 32. c5 e5 33. c6 Rb6 34. Qc1 Qc7 35.
Be4 f5 36. Bh1 e4 37. Qc5 Kh6 38. Qxd4 Rb3 39. Qc5 Ra6 40. Rc1 Rab6 41. Qf8+ Kh5
42. Rg1 Ng4+ 43. hxg4+ fxg4 44. Qc5+ Kh6 45. Rxg4 Qc8 46. Rh4+ Kg7 47. Qe7+ 1-0

[Event "ch-RUS Rapid 2017"]
[Site "Sochi RUS"]
[Date "2017.09.30"]
[Round "4.27"]
[White "Ivlev, Aleksey"]
[Black "Sharafiev, Azat"]
[Result "1-0"]
[WhiteTitle "FM"]
[BlackTitle "IM"]
[WhiteElo "2259"]
[BlackElo "2433"]
[WhiteFideId "24185949"]
[BlackFideId "4186214"]
[EventDate "2017.09.30"]

1. d4 e6 2. c4 b6 3. Nf3 Bb7 4. e3 f5 5. d5 Nf6 6. Nc3 Bb4 7. Bd2 O-O 8. dxe6
dxe6 9. Be2 Nbd7 10. O-O a6 11. Nd4 Qe8 12. Bf3 Bxf3 13. Qxf3 Bd6 14. g3 g6 15.
Nb3 g5 16. Qg2 Ne5 17. e4 g4 18. Bh6 Nf3+ 19. Kh1 Rf7 20. exf5 exf5 21. Nd2 Qc6
22. Rae1 Bb4 23. Re3 Bxc3 24. bxc3 Ne4 25. Nxf3 gxf3 26. Qh3 Rd8 27. Kg1 Qxc4
28. Rxf3 Nxc3 29. Qh5 Ne2+ 30. Kg2 Qg4 31. Qxg4+ fxg4 32. Re3 Nd4 33. Re4 Rf5
34. Rxg4+ Kf7 35. Rg7+ Kf6 36. Rxc7 Ra5 37. h4 Kg6 38. Be3 Rxa2 39. Rd1 Ra4 40.
Rxd4 Raxd4 41. Bxd4 Rxd4 42. Rc6+ Kf5 43. Rxb6 a5 44. Rh6 a4 45. Rxh7 Ke4 46.
Ra7 Kd3 47. h5 Kc3 48. h6 Kb3 49. h7 Rd8 50. g4 a3 51. g5 a2 52. g6 Rb8 1-0

[Event "ch-RUS Rapid 2017"]
[Site "Sochi RUS"]
[Date "2017.09.30"]
[Round "4.28"]
[White "Krylov, Mikhail RUS"]
[Black "Gogolev, Artem"]
[Result "1-0"]
[WhiteTitle "GM"]
[WhiteElo "2476"]
[BlackElo "2408"]
[WhiteFideId "4151364"]
[BlackFideId "4116615"]
[EventDate "2017.09.30"]

1. d4 Nf6 2. c4 e6 3. g3 d5 4. Nf3 Be7 5. Bg2 O-O 6. O-O dxc4 7. Qc2 a6 8. a4
Nc6 9. Qxc4 Qd5 10. Qxd5 exd5 11. Bf4 Na5 12. Bxc7 Nb3 13. Ra2 Bf5 14. Nc3 Rac8
15. Be5 Be6 16. Bxf6 gxf6 17. e3 Bb4 18. Nh4 Bxc3 19. bxc3 Rxc3 20. Rb1 Rfc8 21.
Bf1 Na5 22. Raa1 Rb3 23. Rxb3 Nxb3 24. Rb1 Nd2 25. Rb2 Nxf1 26. Kxf1 Rc4 27.
Rxb7 Rxa4 28. Kg2 Ra2 29. Ra7 Bg4 30. h3 Be6 31. g4 Kg7 32. Kg3 Ra1 33. Ng2 f5
34. g5 h6 35. Nf4 Bc8 36. gxh6+ Kxh6 37. Rxf7 Rg1+ 38. Kf3 Rg7 39. Rf8 Bd7 40.
Rf6+ 1-0

[Event "ch-RUS Rapid 2017"]
[Site "Sochi RUS"]
[Date "2017.09.30"]
[Round "5.1"]
[White "Potkin, Vladimir"]
[Black "Inarkiev, Ernesto"]
[Result "1/2-1/2"]
[WhiteTitle "GM"]
[BlackTitle "GM"]
[WhiteElo "2574"]
[BlackElo "2694"]
[WhiteFideId "4131061"]
[BlackFideId "4162722"]
[EventDate "2017.09.30"]

1. Nf3 d5 2. e3 c5 3. b3 a6 4. Bb2 Nc6 5. Be2 e6 6. O-O Nf6 7. d4 Be7 8. dxc5
Bxc5 9. Nbd2 O-O 10. c4 b6 11. a3 a5 12. cxd5 Nxd5 13. Ne4 Be7 14. Rc1 Bb7 15.
Bb5 Rc8 16. Qe2 Rc7 17. Rfd1 Qc8 18. Bc4 Rd8 19. h3 Nf6 20. Nxf6+ Bxf6 21. Bxf6
gxf6 22. Rxd8+ Qxd8 23. Rd1 Rd7 24. Rxd7 Qxd7 25. Qd2 Qe7 26. Qb2 Kg7 27. Nd4
Nxd4 28. Qxd4 Qxa3 29. Qxb6 Qa1+ 30. Kh2 Qe5+ 31. Kg1 Be4 32. f3 Bc2 33. Qd4
Qxd4 34. exd4 Bb1 35. Bb5 f5 36. f4 Be4 37. Be2 Bd5 38. Bd1 Kf6 39. Kf2 Ke7 40.
g4 fxg4 41. hxg4 h6 42. Kg3 Be4 43. Kh4 Bg6 44. Be2 Kd6 45. Bc4 f6 46. g5 hxg5+
47. fxg5 f5 48. Kg3 e5 49. dxe5+ Kxe5 50. Kf3 Bh5+ 51. Kf2 Kf4 52. Bd3 Kxg5 53.
Bxf5 Kxf5 54. Ke3 Ke5 55. Kd3 Kd5 56. Kc3 Kc5 57. Kb2 Kb4 58. Ka2 Bf7 59. Kb2
Be6 60. Kb1 Ka3 61. Ka1 Kb4 62. Kb2 Bf7 63. Kc2 Be6 64. Kb2 Bf5 65. Ka2 Kc3 66.
Ka3 Bd7 67. Ka2 Kb4 68. Kb2 Bf5 69. Ka2 Be4 70. Kb2 Bg6 71. Ka2 Bf7 72. Kb2 Bd5
73. Kc2 Kc5 74. Kc3 Be6 75. Kb2 Kb4 76. Kc2 Ka3 77. Kb1 Bf7 78. Ka1 Bg8 79. Kb1
Bh7+ 80. Ka1 Kb4 81. Kb2 Bg8 82. Kc2 Be6 83. Kb2 Bd7 84. Kc2 Kc5 85. Kc3 Bc6 86.
Kb2 Kd4 87. Kc2 Bb5 88. Kb2 Kd3 89. b4 axb4 90. Kb3 Bc6 91. Kxb4 1/2-1/2

[Event "ch-RUS Rapid 2017"]
[Site "Sochi RUS"]
[Date "2017.09.30"]
[Round "5.3"]
[White "Kryakvin, Dmitry"]
[Black "Motylev, Alexander"]
[Result "0-1"]
[WhiteTitle "GM"]
[BlackTitle "GM"]
[WhiteElo "2583"]
[BlackElo "2668"]
[WhiteFideId "4153278"]
[BlackFideId "4121830"]
[EventDate "2017.09.30"]

1. d4 d5 2. Bf4 Nf6 3. e3 c5 4. c3 Nc6 5. Nd2 Bf5 6. Qb3 Qc8 7. dxc5 e5 8. Bg5
Nd7 9. Qxd5 Nxc5 10. Rd1 Be6 11. Qf3 Bg4 12. Qd5 Bxd1 13. Kxd1 f6 14. Bh4 Qg4+
15. Ngf3 Rd8 16. Qc4 Qxc4 17. Bxc4 g5 18. Bg3 g4 19. Ne1 Ne4 20. Bd3 Nxd2 21.
Ke2 e4 22. Bb5 a6 23. Ba4 Nc4 0-1

[Event "ch-RUS Rapid 2017"]
[Site "Sochi RUS"]
[Date "2017.09.30"]
[Round "5.4"]
[White "Jakovenko, Dmitry"]
[Black "Sarana, Alexey"]
[Result "1-0"]
[WhiteTitle "GM"]
[BlackTitle "GM"]
[WhiteElo "2710"]
[BlackElo "2541"]
[WhiteFideId "4122356"]
[BlackFideId "24133795"]
[EventDate "2017.09.30"]

1. e4 c5 2. Nf3 d6 3. d4 cxd4 4. Nxd4 a6 5. c4 Nf6 6. Nc3 e6 7. Bd3 Be7 8. O-O
Nc6 9. Be3 O-O 10. Rc1 Bd7 11. Qe2 Rc8 12. f4 Nxd4 13. Bxd4 e5 14. fxe5 dxe5 15.
Bxe5 Ng4 16. Bf4 Bc5+ 17. Kh1 Qh4 18. Bg3 Qg5 19. Nd5 Rc6 20. b4 Bd6 21. Bxd6
Rxd6 22. h3 Rh6 23. Bb1 Qe5 24. Rf4 Qg5 25. Rc3 Ne5 26. Qe3 Be6 27. Rf1 Qxe3 28.
Nxe3 Bxc4 29. Rf5 Re8 30. Rxe5 Rxe5 31. Rxc4 Re8 32. Kh2 Rd6 33. Nd5 f5 34. a4
fxe4 35. Rxe4 Rxe4 36. Bxe4 Kf7 37. a5 Ke6 38. Nb6 Rd4 39. Bxb7 Rxb4 40. Bxa6
Kd6 41. Bd3 Kc6 42. Bxh7 Kb5 43. Nd5 Rd4 44. Ne3 Kxa5 45. Nf5 Rd7 46. Kg3 Kb5
47. Kg4 Kc5 48. Bg8 g6 49. Nh4 Kd4 50. Ba2 Ke3 51. Nxg6 Rd2 52. Be6 Rxg2+ 53.
Kf5 Rb2 54. Kg5 Rg2+ 55. Bg4 Ke4 56. h4 Rh2 57. h5 Kd5 58. Kf6 Kd6 59. Kg7 Rxh5
60. Bxh5 Ke6 61. Bg4+ Kd6 62. Kf6 Kd5 63. Bf3+ Kd4 64. Kf5 Ke3 65. Be4 Kd4 66.
Kf4 Kc5 67. Ke5 Kc4 68. Nf4 Kc3 69. Kd5 Kb3 70. Kd4 Kb4 71. Bd3 Kb3 72. Nd5 Kb2
73. Kc4 Kc1 74. Kc3 Kd1 75. Nf4 Ke1 76. Ne2 Kf2 77. Kd2 Kf1 78. Ke3 Ke1 79. Bc2
Kf1 80. Nf4 Ke1 81. Ng2+ 1-0

[Event "ch-RUS Rapid 2017"]
[Site "Sochi RUS"]
[Date "2017.09.30"]
[Round "5.5"]
[White "Bocharov, Dmitry"]
[Black "Alekseev, Evgeny"]
[Result "1/2-1/2"]
[WhiteTitle "GM"]
[BlackTitle "GM"]
[WhiteElo "2585"]
[BlackElo "2622"]
[WhiteFideId "4138716"]
[BlackFideId "4138147"]
[EventDate "2017.09.30"]

1. Nf3 c5 2. e4 e6 3. g3 Nc6 4. Bg2 Nf6 5. Qe2 e5 6. O-O Be7 7. c3 O-O 8. Na3 d6
9. Rd1 Qb6 10. Nc4 Qa6 11. d3 h6 12. Nh4 Re8 13. Ne3 Bf8 14. Qf1 Be6 15. f4 exf4
16. gxf4 Rad8 17. Nf3 Ng4 18. Nc2 Nf6 19. b3 b5 20. c4 bxc4 21. bxc4 Rb8 22. Ne3
Ng4 23. Nd5 Bxd5 24. cxd5 Nb4 25. Ne1 g6 26. h3 Bg7 27. e5 dxe5 28. hxg4 e4 29.
Rb1 Bd4+ 30. Kh2 e3 31. Qe2 Nxa2 32. Rxb8 Rxb8 33. Bxe3 Re8 34. Nc2 Nc3 35. Qd2
Nxd1 36. Bxd4 cxd4 37. Qxd1 Qa4 38. Qd2 a5 39. f5 g5 40. f6 Rc8 41. Ne1 Qb4 42.
Qf2 a4 43. Qf5 Qd6+ 44. Kh3 Rd8 45. Be4 Kf8 46. Nc2 Qf4 47. Qh7 Qxf6 48. Na3 Ke7
49. Bg2 Qg6 50. Qxg6 fxg6 51. Nc4 Kf6 52. d6 a3 53. Nxa3 Rxd6 54. Nc4 Ra6 55.
Be4 h5 56. Nd2 Ra2 57. Nf3 Ra4 58. Kg3 Rb4 59. Ne1 Rb1 60. Nf3 Rb4 1/2-1/2

[Event "ch-RUS Rapid 2017"]
[Site "Sochi RUS"]
[Date "2017.09.30"]
[Round "5.6"]
[White "Alekseenko, Kirill"]
[Black "Timofeev, Artyom"]
[Result "1/2-1/2"]
[WhiteTitle "GM"]
[BlackTitle "GM"]
[WhiteElo "2563"]
[BlackElo "2549"]
[WhiteFideId "4135539"]
[BlackFideId "4140419"]
[EventDate "2017.09.30"]

1. d4 d5 2. Nc3 Nf6 3. Bf4 a6 4. e3 e6 5. g4 c5 6. g5 Nfd7 7. Nf3 Nc6 8. h4 cxd4
9. exd4 Bb4 10. Bh3 Qa5 11. Qd3 Nb6 12. O-O Bxc3 13. bxc3 Nc4 14. Nd2 Nxd2 15.
Bxd2 O-O 16. Rfe1 Bd7 17. h5 Ne7 18. Qg3 Ba4 19. h6 Ng6 20. hxg7 Kxg7 21. Rab1
Bxc2 22. Rxb7 Bf5 23. Bxf5 exf5 24. Bf4 Rae8 25. Be5+ Kg8 26. Kg2 Qxa2 27. Rh1
Qe2 28. Rb2 Qg4 29. f3 Qxg3+ 30. Kxg3 Nxe5 31. dxe5 Rxe5 32. Kf4 Re6 33. Rbh2 h6
34. Kxf5 a5 35. Ra1 Ra8 36. Rxh6 Rxh6 37. gxh6 a4 38. Ke5 Ra5 39. f4 a3 40. Ra2
Kh7 41. Kf6 Ra7 42. f5 Kh8 43. Ke5 Ra5 44. Kf6 Ra7 45. Ke5 Ra5 1/2-1/2